| 000 | 00460cam a22001457a 4500 | ||
|---|---|---|---|
| 008 | 180718b2007 xxu||||| |||| 00| 0 eng d | ||
| 082 | _aAPPPA 2007-08 | ||
| 100 | _aArun Kumar | ||
| 245 |
_aCentre- state relations: a study _cby Arun Kumar |
||
| 260 |
_aNew Delhi _bIndian Institute of Public Administration _c2007 |
||
| 300 | _a98p. | ||
| 500 | _aAn APPPA M.Phil dissertation, 2006-07 (Guide: Dr. R.K. Barik) | ||
| 650 | _aRelations | ||
| 650 | _aCentre- state | ||
| 999 |
_c493505 _d493505 |
||